<?xml version="1.0" encoding="UTF-8"?>
<collection xmlns="http://www.loc.gov/MARC21/slim">
 <record>
  <leader>01434nam a22002777a 4500</leader>
  <controlfield tag="001">36626</controlfield>
  <controlfield tag="003">BD-DhAAL</controlfield>
  <controlfield tag="005">20191114151751.0</controlfield>
  <controlfield tag="008">191114t2019    bg a|||| |||| 001 0 eng d</controlfield>
  <datafield tag="999" ind1=" " ind2=" ">
   <subfield code="c">41821</subfield>
   <subfield code="d">41821</subfield>
  </datafield>
  <datafield tag="020" ind1=" " ind2=" ">
   <subfield code="a">9789845062794</subfield>
  </datafield>
  <datafield tag="040" ind1=" " ind2=" ">
   <subfield code="a">BD-DhAAL</subfield>
  </datafield>
  <datafield tag="082" ind1=" " ind2=" ">
   <subfield code="a">720.95492</subfield>
   <subfield code="2">22</subfield>
  </datafield>
  <datafield tag="245" ind1=" " ind2=" ">
   <subfield code="a">Aspirations and ideas :</subfield>
   <subfield code="b">designing with context /</subfield>
   <subfield code="c">edited by Mohammed Zakiul Islam ; Saimum Kabir</subfield>
  </datafield>
  <datafield tag="260" ind1=" " ind2=" ">
   <subfield code="a">Dhaka :</subfield>
   <subfield code="b">University Press Limited,</subfield>
   <subfield code="c">2019</subfield>
  </datafield>
  <datafield tag="300" ind1=" " ind2=" ">
   <subfield code="a">vi, 278 pages :</subfield>
   <subfield code="b">color illustrations ;</subfield>
   <subfield code="c">27 cm</subfield>
  </datafield>
  <datafield tag="500" ind1=" " ind2=" ">
   <subfield code="a">Includes index.</subfield>
  </datafield>
  <datafield tag="526" ind1=" " ind2=" ">
   <subfield code="a">ARC</subfield>
  </datafield>
  <datafield tag="541" ind1=" " ind2=" ">
   <subfield code="a">Complimentary copy from the Department of Architecture</subfield>
   <subfield code="e">36626, 36627</subfield>
  </datafield>
  <datafield tag="650" ind1=" " ind2=" ">
   <subfield code="a">Architecture</subfield>
   <subfield code="z">Bangladesh</subfield>
   <subfield code="x">Designs and plans.</subfield>
   <subfield code="9">37146</subfield>
  </datafield>
  <datafield tag="700" ind1=" " ind2=" ">
   <subfield code="a">Islam, Mohammed Zakiul</subfield>
   <subfield code="9">37147</subfield>
  </datafield>
  <datafield tag="700" ind1=" " ind2=" ">
   <subfield code="a">Kabir, Saimum</subfield>
   <subfield code="9">37148</subfield>
  </datafield>
  <datafield tag="852" ind1=" " ind2=" ">
   <subfield code="a">Ayesha Abed Library</subfield>
   <subfield code="c">General Stacks</subfield>
  </datafield>
  <datafield tag="942" ind1=" " ind2=" ">
   <subfield code="2">ddc</subfield>
   <subfield code="c">BK</subfield>
  </datafield>
  <datafield tag="952" ind1=" " ind2=" ">
   <subfield code="0">0</subfield>
   <subfield code="1">0</subfield>
   <subfield code="2">ddc</subfield>
   <subfield code="4">0</subfield>
   <subfield code="6">720_954920000000000_ASP</subfield>
   <subfield code="7">0</subfield>
   <subfield code="9">67151</subfield>
   <subfield code="a">BRACUL</subfield>
   <subfield code="b">BRACUL</subfield>
   <subfield code="c">GEN</subfield>
   <subfield code="d">2019-11-14</subfield>
   <subfield code="e">Complimentary copy from the Department of Architecture</subfield>
   <subfield code="l">6</subfield>
   <subfield code="m">28</subfield>
   <subfield code="o">720.95492 ASP</subfield>
   <subfield code="p">3010036626</subfield>
   <subfield code="q">2026-04-19</subfield>
   <subfield code="r">2026-04-12</subfield>
   <subfield code="s">2026-04-12</subfield>
   <subfield code="t">1</subfield>
   <subfield code="w">2019-11-14</subfield>
   <subfield code="y">BK</subfield>
   <subfield code="x">Transferred from ARC to BRACUL on 28/12/2023</subfield>
  </datafield>
  <datafield tag="952" ind1=" " ind2=" ">
   <subfield code="0">0</subfield>
   <subfield code="1">0</subfield>
   <subfield code="2">ddc</subfield>
   <subfield code="4">0</subfield>
   <subfield code="6">720_954920000000000_ASP</subfield>
   <subfield code="7">0</subfield>
   <subfield code="9">67152</subfield>
   <subfield code="a">BRACUL</subfield>
   <subfield code="b">BRACUL</subfield>
   <subfield code="c">GEN</subfield>
   <subfield code="d">2019-11-14</subfield>
   <subfield code="e">Complimentary copy from the Department of Architecture</subfield>
   <subfield code="l">6</subfield>
   <subfield code="m">30</subfield>
   <subfield code="o">720.95492 ASP</subfield>
   <subfield code="p">3010036627</subfield>
   <subfield code="q">2026-06-29</subfield>
   <subfield code="r">2024-08-14</subfield>
   <subfield code="s">2024-08-14</subfield>
   <subfield code="t">2</subfield>
   <subfield code="w">2019-11-14</subfield>
   <subfield code="y">BK</subfield>
   <subfield code="x">Transferred from ARC to BRACUL on 28/12/2023</subfield>
  </datafield>
 </record>
</collection>
